[Event "Tenerife-chT Segunda 1920"]
[Site "Tenerife"]
[Date "2019.12.14"]
[Round "2.3"]
[White "Beltran Monzo, Javier"]
[Black "Rodriguez Garcia, Joel I"]
[Result "0-1"]
[WhiteElo "1372"]
[BlackElo "1167"]
[PlyCount "72"]
[EventDate "2019.11.30"]
[EventType "team-tourn"]
[EventRounds "14"]
[EventCountry "ESP"]
[SourceTitle "CBM 195 Extra"]
[Source "ChessBase"]
[SourceDate "2020.05.31"]
[SourceVersion "1"]
[SourceVersionDate "2020.05.31"]
[SourceQuality "1"]
[WhiteTeam "Laguna Cotelec II"]
[BlackTeam "Santa Ursula Badnor"]
[WhiteTeamCountry "ESP"]
[BlackTeamCountry "ESP"]

1. e4 c5 2. Nf3 Nc6 3. d4 cxd4 4. Nxd4 e5 5. Nf3 h6 6. Nc3 Nf6 7. Bc4 Bb4 8. Qd3 Na5 9. Bd2 Qc7 10. Bb3 Nxb3 11. cxb3 0-0 12. 0-0 Qc6 13. Rfe1 d6 14. Rac1 Qd7 15. Nd5 Nxd5 16. Qxd5 Bxd2 17. Nxd2 Qe7 18. Nc4 Qg5 19. Qd3 Rd8 20. Ne3 Be6 21. Nd5 Rd7 22. Rc2 Rf8 23. Rec1 f5 24. f3 fxe4 25. fxe4 Rdf7 26. Qg3 Qxg3 27. hxg3 Bxd5 28. exd5 g6 29. Rc7 Kg7 30. Rxf7+ Rxf7 31. b4 e4 32. Re1 Re7 33. Re3 Kf6 34. Re1 Ke5 35. Rd1 Rc7 36. Rd2 e3 0-1

[Event "Tenerife-chT Primera 1718"]
[Site "Tenerife"]
[Date "2017.12.16"]
[Round "5.2"]
[White "Jimenez Arteaga, Angel"]
[Black "Beltran Monzo, Javier"]
[Result "1-0"]
[WhiteElo "1807"]
[BlackElo "1362"]
[PlyCount "67"]
[EventDate "2017.11.11"]
[EventType "team-tourn"]
[EventRounds "14"]
[EventCountry "ESP"]
[SourceTitle "CBM 187 Extra"]
[Source "ChessBase"]
[SourceDate "2018.11.04"]
[SourceVersion "1"]
[SourceVersionDate "2018.11.04"]
[SourceQuality "1"]
[WhiteTeam "Ebano Casa Venezuela III"]
[BlackTeam "Laguna Cotelec III"]
[WhiteTeamCountry "ESP"]
[BlackTeamCountry "ESP"]

1. Nf3 Nf6 2. c4 g6 3. Nc3 Bg7 4. g3 0-0 5. Bg2 d6 6. d4 Nbd7 7. 0-0 e5 8. e4 Re8 9. d5 a5 10. Qc2 Nc5 11. h3 h6 12. Be3 b6 13. a3 Ba6 14. Nd2 Nh7 15. b4 axb4 16. axb4 Nd7 17. Ra3 Bb7 18. Rfa1 Rxa3 19. Rxa3 c6 20. dxc6 Bxc6 21. Nd5 Bxd5 22. cxd5 Nhf6 23. Qc6 Qb8 24. Ra6 Rc8 25. Qb5 Qc7 26. Bf1 Bf8 27. Bd3 Rb8 28. Nc4 Be7 29. Qc6 Ne8 30. Nxb6 Nxb6 31. Bxb6 Qxc6 32. dxc6 Rc8 33. b5 Nc7 34. Bxc7 1-0